ბათუმის შოთა რუსთაველის სახელმწიფო უნივერსიტეტის ბიბლიოთეკა

სამრეწველო საწარმოთა ელექტრომომარაგების სისტემების ავტომატიზაცია : დამხმ. სახელმძღვ. / (ბიბ.ჩანაწერი № 39810)

000 -ლიდერი
ფიქსირებული სიგრძის საკონტროლო ველი 01055nam a2200181Ia 4500
001 - საკონტროლო ნომერი
საკონტროლო ველი 6415
003 - საკონტროლო ნომრის იდენტიფიკატორი
საკონტროლო ველი GE_BSU
005 - ბოლო ოპერაციის თარიღი და დრო
საკონტროლო ველი 20190627210522.0
008 - ფიქსირებული სიგრძის მონაცემთა ელემენტები - ზოგადი ინფორმაცია
ფიქსირებული სიგრძის საკონტროლო ველი 181216s1974|||| |||||||||||||| ||geo||
080 ## - უნივერსალური ათობითი კლასიფიკაციის ინდექსი
Universal Decimal Classification number 658.26(075.8) კ-91
245 ## - ცნობა სათაურის შესახებ
Title სამრეწველო საწარმოთა ელექტრომომარაგების სისტემების ავტომატიზაცია : დამხმ. სახელმძღვ. /
Statement of responsibility, etc გ.კუპრაძე ; რედ : ნ.ლორთქიფანიძე.
264 ## - წარმოების, გამოცემის, დისტრიბუციის და სხვა ცნობები
გამოცემის, წარმოების, დისტრიბუციის... ადგილი თბილისი :
გამოცემის, წარმოების, დისტრიბუციის... სახელწოდება განათლება,
გამოცემის, წარმოების, დისტრიბუციის... თარიღი 1974.
300 ## - ფიზიკური აღწერა
Extent 233 გვ .:
Other physical details ილ ;
Dimensions 22 სმ.
504 ## - BIBLIOGRAPHY, ETC. NOTE
Bibliography, etc ბიბლიოგრ.:გვ.230
653 ## - INDEX TERM--UNCONTROLLED
Uncontrolled term სამრეწველო საწარმოთა ელექტრომომარაგების სისტემების ავტომატიზაცია
700 ## - ADDED ENTRY--PERSONAL NAME
Personal name ლორთქიფანიძე, ნ
Relator term რედაქტორი
9 (RLIN) 2974
942 ## - ADDED ENTRY ELEMENTS (KOHA)
Koha item type წიგნი
Source of classification or shelving scheme
ეგზემპლარები
ჩამოწერის სტატუსი დაკარგული ეგზემპლარის სტატუსი კლასიფიკაციის წყარო ან თაროზე გაწყობის სქემა დაზიანების სტატუსი არ გაიცემა მუდმივი მდებარეობა (დაცვის ადგილი) ამჟამინდელი ადგილსამყოფელი თაროზე განთავსების ადგილი შეძენის თარიღი ღირებულება, შესყიდვის ნორმალური ფასი სრული შენახვის შიფრი შტრიხკოდი ბოლო ოპერაციის თარიღი ეგზემპლარის მიმდევრობითი ნომერი (კეტერი?) ფასის ძალაში შესვლის თარიღი ეგზემპლარის სახეობა საჯარო შენიშვნა
          ტექნოლოგიური ფაკულტეტის ბიბლიოთეკა ტექნოლოგიური ფაკულტეტის ბიბლიოთეკა წიგნსაცავი 2018-12-17 1.00 658.26(075.8) კ-91 11004 2018-12-17 11004 2018-12-17 წიგნი 1 ლ. 44 თ.
          ტექნოლოგიური ფაკულტეტის ბიბლიოთეკა ტექნოლოგიური ფაკულტეტის ბიბლიოთეკა წიგნსაცავი 2018-12-17 1.00 658.26(075.8) კ-91 11005 2018-12-17 11005 2018-12-17 წიგნი 1 ლ. 44 თ.
          ტექნოლოგიური ფაკულტეტის ბიბლიოთეკა ტექნოლოგიური ფაკულტეტის ბიბლიოთეკა წიგნსაცავი 2018-12-17 1.00 658.26(075.8) კ-91 11006 2018-12-17 11006 2018-12-17 წიგნი 1 ლ. 44 თ.